000 01532nkm a2200337 i 4500
001 4366
003 ES-MaACL
005 20251009200011.0
007 khrbo
008 070710s1988 sp --- g |001||spa d
100 0 _aAlfonso,
_d1902-1990
_919858
245 1 3 _aLa línea del cine [
_hFotografía] /
_cAlfonso (sello).
260 _a[S.l. :
_bs.n.],
_c1988.
300 _a2 fot. :
_bb. y n. ;
_c12 x 18 cm.
490 1 _aJornadas técnico-culturales "...Y llegaron los 80"
500 _aDatos basados en invitación.
511 0 _aIntervienen: José Frade, Pedro Crespo, Antonio Jiménez Rico, José Sacristán, Maribel Verdú; modera: Alfonso Eduardo Pérez Orozco.
518 _aActo organizado por el Ateneo de Madrid en colaboración con la VIII promoción de Relaciones Públicas del Centro de Estudios Sol, celebrado en el salón de actos el martes, 14 de junio de 1988, a las 19:30 h.
600 1 4 _aFrade, José.
_952055
600 1 4 _aCrespo, Pedro.
_941529
600 1 4 _aJiménez Rico, Antonio.
_966600
600 1 4 _aSacristán, José,
_d1937-
_9101266
600 1 4 _aVerdú, Maribel.
_9114047
600 1 4 _aPérez Orozco, Alfonso Eduardo.
_991064
610 2 4 _aAteneo de Madrid-
_xActos culturales-
_y1988-
_vFotografías.
_91903
710 2 _aAteneo de Madrid.
_91875
830 0 _aJornadas técnico-culturales "...Y llegaron los 80"
_9177042
852 _aES-MaACL
_jFOT 180/1988
856 4 _uhttp://www.ateneodemadrid.net/biblioteca_digital/imagenes/1988/0180-1988.jpg
_zVer imagen
999 _c4366
_d4366